|
|
|
|
| LEADER |
00000nab a2200000uu 4500 |
| 001 |
vtls010894961 |
| 003 |
SK-MaSNL |
| 005 |
20260303142044.0 |
| 008 |
230222|1969 xo |||||||||||||||||cze| |
| 015 |
|
|
|a SNBRB
|
| 035 |
|
|
|a (urnnbn)urn:nbn:sk:snk:ar-006h9d
|
| 035 |
|
|
|a (uuid)fed431a8-8c3d-4661-8d8f-da7c516abaf2
|
| 035 |
|
|
|a urn:nbn:sk:snk-ab8nyx
|
| 040 |
|
|
|a SNKBUCL
|b slo
|c SNKBUCL
|e AACR2
|
| 041 |
0 |
|
|a cze
|
| 044 |
|
|
|a xo
|c SK
|
| 100 |
1 |
|
|a Horáček, Evžen
|4 aut
|9 539980
|
| 245 |
1 |
0 |
|a ŘEŠENÍ SOUSTAV STĚN S OTVORY PŘI VODOROVNÉM A SVISLÉM ZATÍŽENÍ
|c Evžen Horáček
|
| 773 |
0 |
|
|t Stavebnícky časopis : mesačník pre teoretické problémy stavebných látok a konštrukcií
|g Roč. 17, č. 5 (1969), s. 376-406
|
| 958 |
|
|
|a OND
|
| 958 |
|
|
|a EUIPO
|
| 958 |
|
|
|a article10
|
| 999 |
|
|
|c 1980438
|d 1982368
|